000 01760nam a2200433 i 4500
001 766
003 KOSZ 005
005 20220215100405.0
008 s1978 pl f |000 0 pol d
040 _cKOSZ 005
_aKOSZ 005
_dKOSZ 005/AR
041 0 _apol
044 _apl
080 _a691
080 _a691.5
080 _a666.9
100 1 _aMarcinkowski, Stefan
_c (nauki techniczne)
_eAutor
245 0 _aBadania zależności podstawowych cech spoiwa pyłowo-wapienno-gipsowego od aktywności pucolanowej popiołów lotnych z węgla kamiennego /
_cStefan Marcinkowski.
260 _aKoszalin :
_bWydawnictwo Uczelniane Wyższej Szkoły Inżynierskiej,
_c1978.
300 _a100, [1] strona :
_bilustracje ;
_c24 cm.
336 _aTekst
_btxt
_2rdacontent
337 _aBez urządzenia pośredniczącego
_bn
_2rdamedia
338 _aWolumin
_bnc
_2rda carrier
380 _aKsiążki
380 _aPublikacje naukowe
388 _a1901-2000
388 _a1945-1989
490 1 _aMonografie / Wyższa Szkoła Inżynierska w Koszalinie,
_v1/2
_x0239-7129 ;
504 _aBibliografia na stronach 99-[101].
546 _aStreszczenia w języku rosyjskim i angielskim.
610 _aPopiół lotny
610 _aWęgiel kamienny
655 _aRaport z badań
658 _aInżynieria i technika
710 _aWydawnictwo Uczelniane (Wyższa Szkoła Inżynierska ; Koszalin)
830 _aMonografie - Wyższa Szkoła Inżynierska w Koszalinie
_vnr 1/2
856 _uhttp://koha.tu.koszalin.pl/cgi-bin/koha/opac-detail.pl?biblionumber=766
_yKatalog online BPK
856 _uhttp://dlibra.tu.koszalin.pl/dlibra/docmetadata?id=1416&from=latest
_yBiblioteka Cyfrowa
942 _cKS
_2UKD
999 _c766
_d766